000 00752nam a2200265 i 4500
001 37139
003 BD-RjUL
005 20211209052600.0
008 141019s1977 enka b 001 0 eng
020 _a0582484294 :
_a0582484308
035 _a(BD-RjUL)37241
040 _aDLC
_cDLC
_dDLC
_beng
041 _aeng
082 0 0 _a551.4
_bRIF 1977
100 1 _aRice, R. J.
_q(Roger John),
_d1931-
_9113570
245 1 0 _aFundamentals of geomorphology /
_cR. J. Rice.
260 _aLondon ;
_aNew York :
_bLongman,
_c1977.
300 _avii, 387 p. :
_bill. ;
_c19 x 24 cm.
500 _aIncludes index.
504 _aBibliography: p. 373-374.
650 0 _aGeomorphology.
_9113571
942 _2ddc
_cBK
999 _c37139
_d37139